<?xml version="1.0" encoding="UTF-8"?>
<collection xmlns="http://www.loc.gov/MARC21/slim">
  <record>
    <leader>00000nam  2200000   4500</leader>
    <controlfield tag="001">INLIS000000000020399</controlfield>
    <controlfield tag="005">20250617021954</controlfield>
    <datafield tag="035" ind1="#" ind2="#">
      <subfield code="a">0010-0625000141</subfield>
    </datafield>
    <controlfield tag="007">ta</controlfield>
    <controlfield tag="008">250617################g##########0#ind##</controlfield>
    <datafield tag="020" ind1="#" ind2="#">
      <subfield code="a">979 605 021 8</subfield>
    </datafield>
    <datafield tag="082" ind1="#" ind2="#">
      <subfield code="a">384.540 68</subfield>
    </datafield>
    <datafield tag="084" ind1="#" ind2="#">
      <subfield code="a">384.540 68 WAH d</subfield>
    </datafield>
    <datafield tag="100" ind1=" " ind2="#">
      <subfield code="a">Wahyudi, J. B.</subfield>
    </datafield>
    <datafield tag="245" ind1="1" ind2="#">
      <subfield code="a">Dasar-Dasar Manajemen Penyiaran /</subfield>
      <subfield code="c">J. B. Wahyudi</subfield>
    </datafield>
    <datafield tag="250" ind1="#" ind2="#">
      <subfield code="a">Cetakan ke 1</subfield>
    </datafield>
    <datafield tag="260" ind1="#" ind2="#">
      <subfield code="a">Jakarta :</subfield>
      <subfield code="b">Gramedia Pustaka Utama,</subfield>
      <subfield code="c">1994</subfield>
    </datafield>
    <datafield tag="300" ind1="#" ind2="#">
      <subfield code="a">160 halaman :</subfield>
      <subfield code="b">ilus ;</subfield>
      <subfield code="c">24 cm</subfield>
    </datafield>
    <datafield tag="650" ind1="#" ind2="4">
      <subfield code="a">Manajemen Penyiaran</subfield>
    </datafield>
    <datafield tag="520" ind1="#" ind2="#">
      <subfield code="a">Produk teknologi komunikasi dan informasi, termasuk di dalamnya radio dan televisi, memiliki ciri khas yaitu kecepatan, ketepatan, kepraktisan, dan kualitas dalam mencari, mengumpulkan, menyeleksi, mengolah, dan menyajikan suatu informasi. Sesuai dengan ciri khasnya ini, menjadi keharusan bahwa manajemen yang diterapkan dalam penyelenggaraan siaran harus manajemen yang dinamis. &#13;
Buku Dasar-Dasar Manajemen Penyiaran ini, menyajikan berbagai informasi mengenai penyiaran yang memiliki keunikan dalam pengelolaannya. Dalam dunia penyiaran, seorang pengelola program siaran, selain harus merencanakan maupun memproduksi dan menyiarkan berbagai mata acara artistik, juga harus menyelenggarakan siaran karya jurnalistik baik direncanakan maupun dengan tiba-tiba dan mendesak karena perlu disampaikan kepada masyarakat sedini mungkin.</subfield>
    </datafield>
    <datafield tag="990" ind1="#" ind2="#">
      <subfield code="a">110513509</subfield>
    </datafield>
  </record>
</collection>
